|
|
|
|
| LEADER |
00000nam a2200000 a 4500 |
| 001 |
UCL7187 |
| 003 |
CL-VaPUC |
| 005 |
20240125113209.0 |
| 008 |
040507e20030000AG |||||||||||||||||spa|d |
| 999 |
|
|
|c 309039
|d 309037
|
| 020 |
|
|
|a 987110538X
|
| 040 |
|
|
|c Pontificia Universidad Católica de Valparaíso
|
| 082 |
0 |
4 |
|a 306.43 BOU 2003
|2 21
|
| 100 |
0 |
|
|a Bourdieu, Pierre
|9 308635
|
| 245 |
1 |
0 |
|a Capital cultural, escuela y espacio social
|
| 260 |
0 |
3 |
|a Buenos Aires, Argentina
|b Siglo XXI
|c 2003
|
| 300 |
|
|
|a 206 páginas
|
| 583 |
|
|
|a last modification
|c 20040507 00:00:00
|k Rodrigo Vera
|
| 650 |
|
0 |
|a Sociología de la educación
|9 260380
|
| 650 |
|
0 |
|a Desarrollo cultural
|9 267526
|
| 650 |
|
0 |
|a Antropología cultural y social
|9 265143
|
| 942 |
|
|
|c BK
|2 ddc
|
| 945 |
|
|
|d 20040507 00:00:00
|a cmena
|
| 952 |
|
|
|0 0
|1 0
|2 ddc
|4 0
|6 306_430000000000000_BOU_2003
|7 0
|8 R
|9 376115
|a BIBGIM
|b BIBGIM
|d 2019-11-21
|i 4012178
|o 306.43 BOU 2003
|p 4012178
|r 2025-01-15
|t 2
|w 2019-11-21
|y BK_R
|k GIM
|
| 952 |
|
|
|0 0
|1 0
|2 ddc
|4 0
|6 306_430000000000000_BOU_2003
|7 0
|8 R
|9 376116
|a BIBGIM
|b BIBGIM
|d 2019-11-21
|i 401216K
|o 306.43 BOU 2003
|p 401216K
|r 2025-01-15
|t 3
|w 2019-11-21
|y BK_R
|k GIM
|
| 952 |
|
|
|0 0
|1 0
|2 ddc
|4 0
|6 306_430000000000000_BOU_2003
|7 0
|8 A
|9 376117
|a BIBEDU
|b BIBEDU
|d 2019-11-21
|i 402074K
|l 2
|o 306.43 BOU 2003
|p 402074K
|r 2022-07-14
|s 2022-07-14
|t 1
|w 2019-11-21
|y BK
|k PSI
|
| 952 |
|
|
|0 0
|1 0
|2 ddc
|4 0
|6 306_430000000000000_BOU_2003
|7 0
|8 A
|9 376118
|a BIBEDU
|b BIBEDU
|d 2019-11-21
|i 4108329
|o 306.43 BOU 2003
|p 4108329
|r 2019-11-21
|t 4
|w 2019-11-21
|y BK
|k PSI
|
| 952 |
|
|
|0 0
|1 0
|2 ddc
|4 0
|6 306_430000000000000_BOU_2003
|7 0
|8 A
|9 376119
|a BIBEDU
|b BIBEDU
|d 2019-11-21
|i 4167597
|o 306.43 BOU 2003
|p 4167597
|r 2019-11-21
|t 5
|w 2019-11-21
|y BK
|k EBA
|
| 952 |
|
|
|0 0
|1 0
|2 ddc
|4 0
|6 306_430000000000000_BOU_2003
|7 0
|8 A
|9 376120
|a BIBEDU
|b BIBEDU
|d 2019-11-21
|i 4206460
|l 1
|o 306.43 BOU 2003
|p 4206460
|r 2022-06-03
|s 2022-05-27
|t 6
|w 2019-11-21
|y BK
|k EFI
|
| 952 |
|
|
|0 0
|1 0
|2 ddc
|4 0
|6 306_430000000000000_BOU_2003
|7 0
|8 A
|9 376121
|a BIBEDU
|b BIBEDU
|d 2019-11-21
|i 4204883
|o 306.43 BOU 2003
|p 4204883
|r 2019-11-21
|t 7
|w 2019-11-21
|y BK
|k EFI
|